[Event "Helsingor Xtracon op"]
[Site "Helsingor"]
[Date "2016.07.30"]
[Round "9"]
[White "Fjellengen, Bard"]
[Black "Tjora, Alexander"]
[Result "1/2-1/2"]
[WhiteElo "1764"]
[BlackElo "1411"]
[PlyCount "104"]
[EventDate "2016.07.23"]
[EventType "swiss"]
[EventRounds "10"]
[EventCountry "DEN"]
[SourceTitle "CBM 173 Extra"]
[Source "ChessBase"]
[SourceDate "2016.08.29"]
[SourceVersion "1"]
[SourceVersionDate "2016.08.29"]
[SourceQuality "1"]

1. e4 c5 2. Nf3 a6 3. d4 cxd4 4. Nxd4 Nf6 5. Nc3 d6 6. Be2 e5 7. Nf3 h6 8. h3 Nbd7 9. Be3 b5 10. a3 Bb7 11. Nd2 Rc8 12. Bf3 Nb6 13. Qe2 Be7 14. Qd3 Qc7 15. Rc1 0-0 16. Bxb6 Qxb6 17. Nd5 Nxd5 18. exd5 f5 19. 0-0 e4 20. Nxe4 fxe4 21. Bxe4 Bf6 22. c3 Be5 23. Bf5 Rc4 24. Be6+ Kh8 25. g3 Bc8 26. Bxc8 Rcxc8 27. Kg2 Qb7 28. f4 Bf6 29. Rfe1 Rc7 30. Re6 Rd7 31. Rce1 Re7 32. Rxe7 Bxe7 33. Qe4 Bd8 34. g4 Qf7 35. f5 g6 36. Qe6 Kg7 37. Qxg6+ Qxg6 38. fxg6 Bh4 39. Re2 Rf6 40. b3 Rxg6 41. c4 bxc4 42. bxc4 h5 43. Kf3 hxg4+ 44. hxg4 Rf6+ 45. Ke4 Bg5 46. Ra2 Rf4+ 47. Kd3 Rxg4 48. Kc3 Kg6 49. Kb3 Rg3+ 50. Kb4 Be3 51. Ka5 Bc5 52. a4 Ra3 1/2-1/2

[Event "Helsingor Xtracon op"]
[Site "Helsingor"]
[Date "2016.07.24"]
[Round "2"]
[White "Tjora, Alexander"]
[Black "Pedersen, Carl Aage"]
[Result "0-1"]
[WhiteElo "1411"]
[BlackElo "1781"]
[PlyCount "48"]
[EventDate "2016.07.23"]
[EventType "swiss"]
[EventRounds "10"]
[EventCountry "DEN"]
[SourceTitle "CBM 173 Extra"]
[Source "ChessBase"]
[SourceDate "2016.08.29"]
[SourceVersion "1"]
[SourceVersionDate "2016.08.29"]
[SourceQuality "1"]

1. d4 d5 2. c4 e6 3. Nc3 Nf6 4. cxd5 exd5 5. Bg5 c6 6. Qc2 Be7 7. e3 0-0 8. Bd3 h6 9. Bh4 Re8 10. Rc1 Ne4 11. Bxe7 Qxe7 12. Nge2 Bf5 13. 0-0 Qf6 14. Nf4 Nd6 15. Ncxd5 cxd5 16. Nxd5 Qg6 17. Bxf5 Nxf5 18. Qb3 Nh4 19. g3 Nf3+ 20. Kg2 Qe4 21. Qxb7 Ne1+ 22. Kh3 Qg2+ 23. Kg4 Qf3+ 24. Kh3 Qh5# 0-1